000 00283nam a22001337a 4500
008 171219b xxu||||| |||| 00| 0 eng d
020 _a9781465271723
041 _aeng
080 _26 ED
_a51
100 _a38
101 _aMAT
245 _aCALCULUS
_cSMITH.K.J
942 _2udc
_cBK
999 _c39168
_d39168